000
00191nam a2200085Ia 4500
008
120527s9999 xx 000 0 und d
100
_a
Lewis, Ricki
245
_a
Beginnings of life
942
_c
BK
999
_c
27334
_d
27334